00549 a2200193 450000500170000001000130001702000260003003500130005603700160006908200130008510000220009824500960012026000380021627000140025430000310026850000100029970000250030970000210033420240430155749.0 aB-758822 a9780803957558c900.00 aB-758822 bGift/Unesco a303.4833 aMason, Richard O. aEthics of Information Management/cRichard O. Mason, Florence M. Mason [and] Mary J. Culnan aNew DelhibSaga Publicationc1995 aNew Delhi a327p.;c23cm. (HB)bIndex aIndex aMason , Florence M.  aCulnan, Mary J.